| 000 | 00666nas a2200217 4500 | ||
|---|---|---|---|
| 001 | BR8006183 | ||
| 003 | BR-BrBNA | ||
| 005 | 20231205084411.0 | ||
| 007 | ta | ||
| 008 | 230509b bl.|||p| |||| 00| 00por d | ||
| 040 |
_aBR-BrBNA _bpor _cBiblioteca Nacional de Agricultura |
||
| 041 | _a(Pt) | ||
| 072 | _aK50 | ||
| 100 | 1 | _aTomaselli, I. | |
| 245 | 1 | _aSecagem de madeira a alta temperatura [pinheiro da california, Brasil] | |
| 650 | _aPINHEIRO DA CALIFORNIA | ||
| 650 | _aSECAGEM ARTIFICIAL | ||
| 773 | 0 |
_tBrasil Madeira (Brazil) _xISSN 0100-3119 _g(Jul 1980), v. 4(43) p. 42-45 _wBR8006183 |
|
| 909 |
_a202311 _bLúcia _c55 _dLúcia Elande |
||
| 942 |
_2AGRIS _n0 _cANA |
||
| 999 |
_c104972 _d104972 |
||